Najbardziej rozwinięte kraje według wskaźnika HDI (2018) - Statystyki

Ogólne statystyki
  • Ten quiz został rozwiązany 1 031 razy
  • Średni wynik to 39 z 50
Statystyki odpowiedzi
Lp. Nazwa Kraju % Poprawnych
12 Stany Zjednoczone
99%
32 Polska
98%
5 Niemcy
96%
11 Kanada
95%
18 Japonia
94%
1 Norwegia
94%
7 Szwecja
93%
23 Francja
92%
25 Hiszpania
92%
48 Rosja
92%
14 Finlandia
90%
27 Włochy
90%
2 Szwajcaria
89%
26 Czechy
88%
41 Portugalia
88%
13 Wielka Brytania
88%
10 Dania
87%
37 Słowacja
87%
3 Australia
86%
19 Austria
86%
16 Belgia
86%
9 Holandia
86%
30 Grecja
83%
20 Luksemburg
83%
22 Korea Południowa
82%
35 Litwa
82%
45 Chorwacja
81%
29 Estonia
81%
40 Łotwa
81%
4 Irlandia
79%
24 Słowenia
79%
6 Islandia
78%
44 Węgry
78%
15 Nowa Zelandia
77%
46 Argentyna
73%
17 Liechtenstein
72%
39 Arabia Saudyjska
70%
33 Zjednoczone Emiraty Arabskie
68%
43 Chile
66%
50 Bułgaria
64%
36 Katar
64%
34 Andora
63%
21 Izrael
62%
8 Singapur
58%
28 Malta
56%
31 Cypr
51%
47 Oman
48%
42 Bahrajn
39%
49 Czarnogóra
39%
38 Brunei
22%
Nie znaleziono quizów pasujących do podanych kryteriów
Rozkład punktacji
Procent ludzi z każdym wynikiem
Percentyl według liczby udzielonych odpowiedzi
Twoja historia wyników
Nie rozwiązałeś tego quizu